Efecto de las dimensiones de la muestra sobre los parametros de consolidación
محفوظ في:
| المؤلف الرئيسي: | |
|---|---|
| التنسيق: | كتاب |
| منشور في: |
San José, Costa Rica
1991
|
| الموضوعات: | |
| الوسوم: |
إضافة وسم
لا توجد وسوم, كن أول من يضع وسما على هذه التسجيلة!
|
MARC
| LEADER | 00000nam a2200000Ia 4500 | ||
|---|---|---|---|
| 003 | 005341 | ||
| 005 | 20221231144325.0 | ||
| 008 | 140114s1991 cr a m 000 ||s d | ||
| 040 | |c cru CEDI | ||
| 090 | |a TFG 2547 | ||
| 100 | |a Vega Murillo, Jorge Mario |9 12568 | ||
| 245 | |a Efecto de las dimensiones de la muestra sobre los parametros de consolidación | ||
| 260 | |c 1991 |a San José, Costa Rica | ||
| 300 | |a x, 99 hojas : ilustraciones ; 28 cm. | ||
| 500 | |a Proyecto de graduación (licenciatura en ingeniería civil)--Universidad de Costa Rica. Facultad de Ingeniería. Escuela de Ingeniería Civil | ||
| 650 | |x MECANICA DE SUELOS |x ESTABILIZACION DE SUELOS |9 12569 | ||
| 942 | |c TFG | ||
| 999 | |c 20160 |d 20160 | ||
